书目信息 |
| 题名: |
有效治疗创伤后压力疾患
|
|
| 作者: | 福阿 , Foa , 基恩 , Keane , 弗里德曼 , Friedman , 杨筱华 主编 | |
| 分册: | ||
| 出版信息: | 台北 心理出版社股份有限公司 2005 |
|
| 页数: | 12,506页 | |
| 开本: | 23cm | |
| 丛书名: | 心理治疗系列 | |
| 单 册: | ||
| 中图分类: | B845.67 | |
| 科图分类: | ||
| 主题词: | 事故--心理学 | |
| 电子资源: | ||
| ISBN: | 957-702-803-9 | |
| 000 | 01603oam2 2200373 450 | |
| 001 | 1549587589 | |
| 005 | 20150201134652.34 | |
| 010 | @a957-702-803-9@dTWD550.00 | |
| 100 | @a20050702d2005 em y0chiy0110 ea | |
| 101 | 1 | @achi@ceng |
| 102 | @aCT@b710000 | |
| 105 | @ak z 001yy | |
| 200 | 1 | @a有效治疗创伤后压力疾患@9You Xiao Zhi Liao Chuang Shang Hou Ya Li Ji Huan@e国际创伤性压力研究学会治疗指引@EGuo Ji Chuang Shang Xing Ya Li Yan Jiu Xue Hui Zhi Liao Zhi Yin@f杨筱华[等]译@FYang Xiao Hua [ Deng ] Yi |
| 210 | @a台北@c心理出版社股份有限公司@d2005 | |
| 215 | @a12,506页@c表@d23cm | |
| 225 | 2 | @a心理治疗系列@v53 |
| 304 | @a版权页题:Edna B. Foa,Terence M. Keane,Marthew J. Friedman主编 | |
| 304 | @aEdna B. Foa通译:埃达·B·福阿,Terence M. Keane通译:特伦斯·M·基恩,Marthew J. Friedman通译:马休·J·弗里德曼 | |
| 305 | @a由原出版社授权 | |
| 330 | @a本书内容包括PTSD的治疗方法及治疗指引。 | |
| 461 | 0 | @12001 @a心理治疗系列 |
| 510 | 1 | @aEffective treatments for PTSD: pratice guidelines from the international society for traumatic stress studies@zeng |
| 517 | 1 | @a国际创伤性压力研究学会治疗指引@9Guo Ji Chuang Shang Xing Ya Li Yan Jiu Xue Hui Zhi Liao Zhi Yin |
| 606 | 0 | @a事故@x心理学 |
| 690 | @aB845.67@v5 | |
| 701 | 1 | @a福阿@9Fu A@b埃达·B.@4主编 |
| 701 | 1 | @aFoa@bEdna B.@4主编 |
| 701 | 1 | @a基恩@9Ji En@b特伦斯·M.@4主编 |
| 701 | 1 | @aKeane@bTerence M.@4主编 |
| 701 | 1 | @a弗里德曼@9Fu Li De Man@b马休·J.@4主编 |
| 701 | 1 | @aFriedman@bMarthew J.@4主编 |
| 701 | 0 | @a杨筱华@9Yang Xiao Hua@4译 |
| 801 | 0 | @aCN@bTSSF@c20150201 |
| 905 | @aZUCC@dB845.67@eJY2 | |
| 有效治疗创伤后压力疾患:国际创伤性压力研究学会治疗指引/杨筱华[等]译.-台北:心理出版社股份有限公司,2005 |
| 12,506页:表;23cm.-(心理治疗系列;53) |
| ISBN 957-702-803-9:TWD550.00 |
| 本书内容包括PTSD的治疗方法及治疗指引。 |
| ● |
| 相关链接 |
|
|
|
|
正题名:有效治疗创伤后压力疾患
索取号:B845.67/JY2
 
预约/预借
| 序号 | 登录号 | 条形码 | 馆藏地/架位号 | 状态 | 备注 |
| 1 | 7864287 | 278642872 | 学院路分馆/ [索取号:B845.67/JY2] | 在馆 |